Countries With The Most - Fish - Imports and Exports - Statistics

General Stats
  • This quiz has been taken 46 times
  • The average score is 17 of 20
Answer Stats
$ (2022) Answer % Correct
5,1 billions United States
100%
25 billions United States
100%
12 billions China
98%
19 billions China
98%
12 billions Japan
95%
5,9 billions Canada
90%
6,6 billions France
90%
6,8 billions India
90%
15 billions Norway
90%
5,2 billions Sweden
90%
5,7 billions Sweden
90%
7,6 billions Spain
88%
8,0 billions Russia
85%
5,6 billions South Korea
85%
6,2 billions Italy
80%
4,7 billions Germany
76%
7,5 billions Chile
73%
3,9 billions Thailand
66%
8,0 billions Vietnam
66%
8,4 billions Ecuador
22%
No matching quizzes found
Score Distribution
Percent of People with Each Score
Percentile by Number Answered
Your Score History
You have not taken this quiz